000 00655nam a2200253Ia 4500
003 OSt
005 20221005073117.0
006 a|||||r|||| 00| 0
007 ta
008 221004b |||||||| |||| 00| 0 eng d
020 _a8185060
024 _a14403
037 _cTextual
040 _aCRL
_cCRL
_beng
041 _2eng
_aeng
082 _aWx, N1
100 _aQuraishi Zaheer M.
245 0 _aStudies in political science
260 _aNew Delhi
_bGitanjali Publishin g House India
_c1991
300 _a279p.
_ccm.
650 _aPOLITICAL SCIENCE
942 _hWx, N1
_cTEXL
_2cc
999 _c980597
_d980597